[Event "5th EKA IIFL Investment 2019"]
[Site "Mumbai"]
[Date "2020.01.07"]
[Round "9.55"]
[White "Deshpande, Aniruddha"]
[Black "Madjidov, Jasur"]
[Result "1-0"]
[WhiteElo "2275"]
[BlackElo "2136"]
[Annotator "ChessBase"]
[PlyCount "67"]
[EventDate "2019.12.30"]
[EventType "swiss"]
[EventCountry "IND"]
[SourceTitle "playchess.com"]
[Source "ChessBase"]
[SourceQuality "1"]

1. d4 Nf6 2. c4 e6 3. g3 d5 4. Nf3 dxc4 5. Bg2 Nc6 6. O-O Nd5 7. e4 Nb6 8. Nc3 Be7 9. Be3 O-O 10. Qe2 Bd7 11. Rfd1 a6 12. d5 exd5 13. exd5 Na5 14. d6 Ba4 15. dxe7 Qxe7 16. Nxa4 Nxa4 17. Qc2 Nb6 18. Ng5 g6 19. Re1 Rfe8 20. Bd2 Qf6 21. Ne4 Qf5 22. Bxa5 Re6 23. Bxb6 Rxb6 24. Qxc4 Rxb2 25. Qc3 Rb6 26. Qxc7 Re6 27. Nd6 Qf6 28. Rad1 Rd8 29. Nxf7 Rd2 30. Nh6+ Kh8 31. Rxd2 Rxe1+ 32. Bf1 Re7 33. Qd8+ Kg7 34. Ng8 1-0

[Event "5th EKA IIFL Investment 2019"]
[Site "Mumbai"]
[Date "2020.01.07"]
[Round "9.56"]
[White "Safranska, Anda"]
[Black "Aaryan, Varshney"]
[Result "1/2-1/2"]
[WhiteElo "2112"]
[BlackElo "2269"]
[Annotator "TA"]
[PlyCount "94"]
[EventDate "2019.12.30"]
[EventType "swiss"]
[EventCountry "IND"]
[SourceTitle "playchess.com"]
[Source "ChessBase"]
[SourceQuality "1"]

1. e4 c5 2. Be2 Nc6 3. f4 g6 4. Nf3 Bg7 5. O-O d6 6. d3 Nf6 7. c3 O-O 8. Kh1 Rb8 9. Be3 b5 10. a3 a5 11. Nbd2 b4 12. axb4 axb4 13. d4 d5 14. e5 Ng4 15. Bg1 c4 16. h3 Nh6 17. g4 f6 18. Be3 Nf7 19. Qe1 Qd7 20. Qg3 Bb7 21. Kg1 Ra8 22. Nh2 Rxa1 23. Rxa1 fxe5 24. fxe5 Nfxe5 25. dxe5 Bxe5 26. Qe1 bxc3 27. bxc3 Bxc3 28. Rc1 Bb2 29. Rc2 Bd4 30. Bxd4 Nxd4 31. Rc1 Qe6 32. Bf1 Qb6 33. Kh1 Qd6 34. Bg2 Bc6 35. Nhf3 Nxf3 36. Bxf3 e5 37. Bg2 e4 38. Qe3 Ra8 39. Qd4 Qa3 40. Rf1 Qa7 41. Qc3 Qd7 42. Rf6 Bb7 43. Qd4 Qe7 44. Rb6 Ra3 45. Nf1 Rb3 46. Rxb3 cxb3 47. Qb6 Kf8 1/2-1/2

[Event "5th EKA IIFL Investment 2019"]
[Site "Mumbai"]
[Date "2020.01.07"]
[Round "9.57"]
[White "Ramakrishna, J.."]
[Black "Navalgund, Niranjan"]
[Result "1/2-1/2"]
[WhiteElo "2068"]
[BlackElo "2231"]
[Annotator "TA"]
[PlyCount "148"]
[EventDate "2019.12.30"]
[EventType "swiss"]
[EventCountry "IND"]
[SourceTitle "playchess.com"]
[Source "ChessBase"]
[SourceQuality "1"]

1. e4 e5 2. Nf3 Nc6 3. Bc4 Nf6 4. d3 h6 5. c3 d6 6. h3 g6 7. O-O Bg7 8. Re1 O-O 9. Nbd2 a6 10. Bb3 Nd7 11. Bc2 f5 12. d4 f4 13. Nc4 Kh8 14. a4 g5 15. b4 Qe8 16. Bb2 Qg6 17. b5 Nd8 18. dxe5 dxe5 19. Ba3 Re8 20. b6 cxb6 21. Nd6 Nf8 22. Rb1 b5 23. Nxe8 Qxe8 24. Bxf8 Qxf8 25. axb5 axb5 26. Rxb5 Nc6 27. Bb3 Bf6 28. Qd5 Kg7 29. Rd1 h5 30. Qc5 g4 31. Qxf8+ Kxf8 32. hxg4 hxg4 33. Nd2 Ra5 34. Rxa5 Nxa5 35. Bd5 Bd8 36. Nc4 Nxc4 37. Bxc4 Bc7 38. Bd5 Ke7 39. Rb1 b6 40. Ra1 Kd6 41. Kf1 Bd7 42. Ke2 Bb5+ 43. c4 Bd7 44. Rh1 Bd8 45. Kd3 b5 46. Rh6+ Kc5 47. Rh5 bxc4+ 48. Bxc4 Kd6 49. Rh6+ Kc5 50. Rh8 Ba5 51. Rh7 Kd6 52. Rg7 Bb6 53. Ke2 Bd4 54. Kf1 Bc3 55. Be2 Bc6 56. Bxg4 Bxe4 57. Rd7+ Kc5 58. Be6 Bc6 59. Rd8 Bb5+ 60. Kg1 e4 61. Bd7 Bc4 62. Re8 e3 63. Bg4 Bd4 64. fxe3 fxe3 65. Bf3 Kb4 66. g4 Kc3 67. Kg2 Bb5 68. Re7 Kd2 69. Re4 Bg7 70. Re7 Bd4 71. Re4 Bg7 72. g5 e2 73. Rxe2+ Bxe2 74. Bxe2 Kxe2 1/2-1/2

[Event "5th EKA IIFL Investment 2019"]
[Site "Mumbai"]
[Date "2020.01.07"]
[Round "9.58"]
[White "Mahindrakar Indrajeet"]
[Black "Aradhya, Garg"]
[Result "0-1"]
[WhiteElo "2042"]
[BlackElo "2197"]
[Annotator "TA"]
[PlyCount "68"]
[EventDate "2019.12.30"]
[EventType "swiss"]
[EventCountry "IND"]
[SourceTitle "playchess.com"]
[Source "ChessBase"]
[SourceQuality "1"]

1. d4 d5 2. Nf3 Nf6 3. Bg5 Ne4 4. Bh4 h5 5. Nfd2 g5 6. Nxe4 gxh4 7. Ned2 c5 8. dxc5 Bg7 9. c3 d4 10. cxd4 Qxd4 11. Nc3 Be6 12. e3 Qxc5 13. Nde4 Qb4 14. Bb5+ Nc6 15. Qe2 h3 16. gxh3 O-O-O 17. a3 Qa5 18. Bxc6 bxc6 19. b4 Qf5 20. Rc1 Kb8 21. b5 c5 22. b6 c4 23. bxa7+ Ka8 24. Rb1 Qa5 25. Qb2 Bd5 26. Rg1 Bxe4 27. Rxg7 Bxb1 28. Kf1 Bd3+ 29. Ke1 Bg6 30. Kf1 Rhg8 31. Rxg8 Bd3+ 32. Ne2 Rxg8 33. Qd4 Rd8 34. Qf4 Qd5 0-1

[Event "5th EKA IIFL Investment 2019"]
[Site "Mumbai"]
[Date "2020.01.07"]
[Round "9.59"]
[White "Gandhi, Anish"]
[Black "Chilukuri Sai Varshith"]
[Result "0-1"]
[WhiteElo "2168"]
[BlackElo "2118"]
[Annotator "ChessBase"]
[PlyCount "66"]
[EventDate "2019.12.30"]
[EventType "swiss"]
[EventCountry "IND"]
[SourceTitle "playchess.com"]
[Source "ChessBase"]
[SourceQuality "1"]

1. d4 Nf6 2. c4 g6 3. Nc3 d5 4. cxd5 Nxd5 5. e4 Nxc3 6. bxc3 Bg7 7. Bc4 c5 8. Ne2 Nc6 9. Be3 O-O 10. h4 cxd4 11. cxd4 Qa5+ 12. Kf1 Qa3 13. h5 Bg4 14. hxg6 hxg6 15. Rb1 Rfd8 16. Rh4 Bxe2+ 17. Qxe2 Nxd4 18. Bxd4 Rxd4 19. Rh3 Qd6 20. Rf3 e6 21. g3 Rc8 22. Bb3 Rd2 23. Qe3 Rc3 24. Qf4 Qxf4 25. Rxf4 Be5 26. Rh4 Rf3 27. Rh2 Bxg3 28. Rg2 Bxf2 29. Bd1 Rh3 30. Rxf2 Rh1+ 31. Kg2 Rhxd1 32. Rxd1 Rxd1 33. Rc2 Rb1 0-1